TSG Hoffenheim 2025/2026 Kader - Statistiken

Allgemein
  • Dieses Quiz wurde 17 mal gespielt
  • Das Durchschnittsergebnis liegt bei 10 aus 24
Antwortstatistiken
Position Land Trikotnummer Alter Spieler % Korrekt
Tw Deutschland 1 35 Baumann Oliver
100%
Ver Tschechien 34 33 Coufal Vladimir
63%
Att Kroatien 27 34 Kramarić Andrej
63%
Ver Nigeria 25 30 Akpoguma Kevin
50%
Att Kosovo 11 23 Asllani Fisnik
50%
Mit Kosovo 7 22 Avdullahu Leon
50%
Trainer Österreich -------------------- 48 Ilzer Christian
50%
Att Deutschland 33 20 Moerstedt Max
50%
Ver Brasilien 13 30 Bernardo
44%
Ver Kosovo 21 22 Hajdari Albian
44%
Mit Deutschland 6 31 Prömel Grischa
44%
Mit Togo 9 31 Bebou Ihlas
38%
Mit Niederlande 18 25 Burger Wouter
38%
Att Tschechien 23 23 Hložek Adam
38%
Att USA 20 20 Campbell Cole
31%
Mit Deutschland 10 21 Damar Muhammed
31%
Ver Frankreich 15 25 Gendrey Valentin
31%
Ver Tschechien 22 26 Hranáč Robin
31%
Ver Türkei 5 26 Kabak Ozan Muhammed
31%
Att Deutschland 19 24 Lemperle Tim
31%
Mit Österreich 22 24 Prass Alexander
31%
Mit Elfenbeinküste 29 20 Touré Bazoumana
31%
Mit Bosnien 48 22 Đurić Luka
25%
Att Tschechien 31 20 Eduardo Yannick
25%
Keine übereinstimmenden Quizze gefunden
Verteilung der Resultate
Anzahl Personen mit jedem Resultat
Perzentil nach korrekt beantworteten Fragen
Ihre Resultats-Entwicklung
Sie haben dieses Quiz noch nicht gespielt